00556 2200229 4500001002100000005001700021008004100038020002200079035002400101082000800125084002000133090002000153100001300173245002600186250001000212260003000222300002100252650001000273850000600283990001900289990001800308INLIS00000000000004720151019134059.0  a978-979-8035-84-5 0010-101500000000002 a398 aF. Rom. K Won c aF. Rom. K Won c aAdi Wong aCinta suci Yang Abadi acet 1 aJakarta: Akademika, 2008. a172 hlm.; 21 cm. aFiksi aN a21.182/SUMB/09 a12624/PN/2015